Applied thermodynamics for engineering technologists (Record no. 10734)

000 -LEADER
fixed length control field 00547nam a2200205u 4500
001 - CONTROL NUMBER
control field 10734
003 - CONTROL NUMBER IDENTIFIER
control field BD-DhUET
008 - FIXED-LENGTH DATA ELEMENTS--GENERAL INFORMATION
fixed length control field 810312q1963 enk 000 0 eng
040 ## - CATALOGING SOURCE
Original cataloging agency DLC
Transcribing agency DLC
Modifying agency BD-DhUET
082 ## - DEWEY DECIMAL CLASSIFICATION NUMBER
Classification number 621.01
Item number EAS/1963
100 ## - MAIN ENTRY--PERSONAL NAME
Personal name Eastop, T. D.
245 10 - TITLE STATEMENT
Title Applied thermodynamics for engineering technologists
250 ## - EDITION STATEMENT
Edition statement 1st ed.
260 ## - PUBLICATION, DISTRIBUTION, ETC. (IMPRINT)
Place of publication, distribution, etc. London
Name of publisher, distributor, etc. Longmans
Date of publication, distribution, etc. 1963
300 ## - PHYSICAL DESCRIPTION
Extent xi, 788p.
Other physical details ill.
504 ## - BIBLIOGRAPHY, ETC. NOTE
Bibliography, etc Includes bibliographies
650 #0 - SUBJECT ADDED ENTRY--TOPICAL TERM
Topical term or geographic name as entry element Thermodynamics, Engineering
700 ## - ADDED ENTRY--PERSONAL NAME
Personal name McConkey, A.
942 ## - ADDED ENTRY ELEMENTS (KOHA)
Koha item type General Book
Holdings
Damaged status Koha full call number Copy number Source of classification or shelving scheme Piece designation (barcode) Price effective from Lost status Koha normalized classification for sorting Withdrawn status Koha date last seen Not for loan Sublocation or collection (holding branch) Shelving location Koha issues (times borrowed) Koha date last borrowed Location (home branch) Date acquired Koha item type
 621.01/EAS/19631 238142015-02-09 621_010000000000000_EAS_1963 2015-02-09 Central Library, BUETCirculation section  Central Library, BUET2015-02-09General Book
 621.01/EAS/19632 37422015-04-16 621_010000000000000_EAS_1963 2024-10-19 Central Library, BUETCirculation section12024-09-17Central Library, BUET2015-04-16General Book
 621.01/EAS/19633 182582015-04-27 621_010000000000000_EAS_1963 2015-04-27 Central Library, BUETCirculation section  Central Library, BUET2015-04-27General Book
 621.01/EAS/19634 182562015-06-16 621_010000000000000_EAS_1963 2015-06-16 Central Library, BUETReading section  Central Library, BUET2015-06-16Reading Item